Personnage Marvel par image - Statistiques

Statistiques générales
  • Ce quiz a été pris 1 983 fois
    1 980 depuis la dernière actualisation
  • Le résultat moyen est 14 sur 16
Statistiques - réponses
Par images Réponse % Correct
Spiderman
100%
Hulk
97%
Iron Man
97%
Thor
96%
Pantère Noire
94%
Deadpool
93%
Venom
93%
Loki
92%
Ant Man
91%
Docteur Strange
91%
Thanos
91%
Veuve Noire
89%
Œil-de-faucon
77%
Capitaine America
76%
Capitaine Marvel
71%
Sorcière Rouge
59%
Aucun quiz correspondant
Distribution des résultats
% des personnes avec chaque résultat
Percentile par nombre de réponses
Votre historique - résultats
Vous n’avez pas pris ce quiz depuis la dernière actualisation